Song to Artist #6: New Success - Statistics

General Stats
  • This quiz has been taken 11 times
  • The average score is 5 of 10
Answer Stats
Hint Answer % Correct
As It Was Harry Styles
86%
Flowers Miley Cyrus
86%
Kill Bill SZA
71%
Die For You - Remix (With Ariana Grande) The Weeknd
71%
Bad Habit Steve Lacy
57%
Creepin' ft. The Weeknd and 21 Savage Metro Boomin
43%
Rich Flex Drake/21 Savage
29%
Just Wanna Rock Lil Uzi Vert
29%
Last Night Morgan Wallen
29%
Boy's a liar Pt. 2 (ft. Ice Spice) PinkPantheress
14%
No matching quizzes found
Score Distribution
Percent of People with Each Score
Percentile by Number Answered
Your Score History
You have not taken this quiz